En nombre de la bestia : La búsqueda del sujeto en Bestiario de Julio Cortázar /
שמור ב:
| מחבר ראשי: | |
|---|---|
| פורמט: | לא ידוע |
| שפה: | Spanish |
| נושאים: | |
| תגים: |
הוספת תג
אין תגיות, היה/י הראשונ/ה לתייג את הרשומה!
|
MARC
| LEADER | 000000000a22000000004500 | ||
|---|---|---|---|
| 001 | 010887 | ||
| 041 | 0 | |a spa | |
| 100 | 1 | |a Suástegui, Leticia | |
| 245 | 1 | 0 | |a En nombre de la bestia : |b La búsqueda del sujeto en Bestiario de Julio Cortázar / |c Leticia Suástegui. |
| 650 | 4 | |a LITERATURA LATINOAMERICANA | |
| 650 | 4 | |a CORTAZAR, JULIO | |
| 650 | 4 | |a LITERATURA ARGENTINA | |
| 650 | 4 | |a NOVELA | |
| 650 | 4 | |a CRITICA | |
| 650 | 4 | |a BESTIARIO | |
| 773 | 0 | |x 9789703252749 |d México : EUNAM |t Voces antiguas, voces nuevas |g (2007), páginas 53-78 | |
| 942 | |c AM | ||
| 999 | |c 16865 |d 16865 | ||
